Solid state electronic devices (Record no. 171950)

000 -LEADER
fixed length control field 00400nam a2200145Ia 4500
008 - FIXED-LENGTH DATA ELEMENTS--GENERAL INFORMATION
fixed length control field 220217s9999||||xx |||||||||||||| ||und||
020 ## - INTERNATIONAL STANDARD BOOK NUMBER
International Standard Book Number 81-7808-691-3
082 ## - DEWEY DECIMAL CLASSIFICATION NUMBER
Classification number 621.381 5 STR
100 ## - MAIN ENTRY--PERSONAL NAME
Personal name Streetman, Ben, G Banerjee, Sanjay
9 (RLIN) 2133
245 #0 - TITLE STATEMENT
Title Solid state electronic devices
250 ## - EDITION STATEMENT
Edition statement 5th
260 ## - PUBLICATION, DISTRIBUTION, ETC.
Place of publication, distribution, etc. Pearson education asia
Name of publisher, distributor, etc. Delhi
Date of publication, distribution, etc. 2002
300 ## - PHYSICAL DESCRIPTION
Other physical details 250
650 ## - SUBJECT ADDED ENTRY--TOPICAL TERM
Topical term or geographic name entry element CIRCUITRY
Holdings
Withdrawn status Lost status Damaged status Not for loan Collection code Home library Current library Shelving location Date acquired Full call number Barcode Date last seen Price effective from Koha item type
        Electronics and Communication Engineering Central Library Central Library Book Cart 02/18/2022 621.381 5 STR 7139 02/18/2022 02/18/2022 Books

Powered by Koha